<?xml version="1.0" encoding="UTF-8"?>
<collection xmlns="http://www.loc.gov/MARC21/slim">
 <record>
  <leader>00966nam a22002775a 4500</leader>
  <controlfield tag="001">CEM.cems000014</controlfield>
  <controlfield tag="008">130507s1987##################000#0#####d</controlfield>
  <controlfield tag="005">20210516163913.0</controlfield>
  <controlfield tag="003">CEMS</controlfield>
  <datafield tag="245" ind1="0" ind2="0">
   <subfield code="a">Qué... quién... cómo... cuándo... en el cooperativismo? /</subfield>
  </datafield>
  <datafield tag="250" ind1=" " ind2=" ">
   <subfield code="a">4a. ed.</subfield>
  </datafield>
  <datafield tag="260" ind1=" " ind2=" ">
   <subfield code="a">Rosario :</subfield>
   <subfield code="b">Idelcoop,</subfield>
   <subfield code="c">1987</subfield>
  </datafield>
  <datafield tag="300" ind1=" " ind2=" ">
   <subfield code="a">106 p.</subfield>
  </datafield>
  <datafield tag="505" ind1="0" ind2=" ">
   <subfield code="a">Leyes de cooperativas...</subfield>
  </datafield>
  <datafield tag="020" ind1=" " ind2=" ">
   <subfield code="a">950927643</subfield>
  </datafield>
  <datafield tag="082" ind1="0" ind2="4">
   <subfield code="a">334</subfield>
  </datafield>
  <datafield tag="653" ind1=" " ind2=" ">
   <subfield code="a">Alianza cooperativa internacional</subfield>
  </datafield>
  <datafield tag="653" ind1=" " ind2=" ">
   <subfield code="a">Cooperativas</subfield>
  </datafield>
  <datafield tag="653" ind1=" " ind2=" ">
   <subfield code="a">Cooperativismo</subfield>
  </datafield>
  <datafield tag="653" ind1=" " ind2=" ">
   <subfield code="a">Cooperativismo argentino</subfield>
  </datafield>
  <datafield tag="653" ind1=" " ind2=" ">
   <subfield code="a">Cooperativismo precursores</subfield>
  </datafield>
  <datafield tag="859" ind1=" " ind2=" ">
   <subfield code="a">CEMS</subfield>
   <subfield code="b">BIB. CEMS - 11 de abril</subfield>
   <subfield code="h">334</subfield>
   <subfield code="i">Q3a4</subfield>
   <subfield code="p">15265.88</subfield>
   <subfield code="t">Ej.1</subfield>
  </datafield>
  <datafield tag="859" ind1=" " ind2=" ">
   <subfield code="a">CEMS</subfield>
   <subfield code="b">BIB. CEMS - 11 de abril</subfield>
   <subfield code="h">334</subfield>
   <subfield code="i">Q3a4</subfield>
   <subfield code="p">15266.88</subfield>
   <subfield code="t">Ej.2</subfield>
  </datafield>
  <datafield tag="859" ind1=" " ind2=" ">
   <subfield code="a">CEMS</subfield>
   <subfield code="b">BIB. CEMS - 11 de abril</subfield>
   <subfield code="h">334</subfield>
   <subfield code="i">Q3a4</subfield>
   <subfield code="p">15267.88</subfield>
   <subfield code="t">Ej.3</subfield>
  </datafield>
  <datafield tag="859" ind1=" " ind2=" ">
   <subfield code="a">CEMS</subfield>
   <subfield code="b">BIB. CEMS - 11 de abril</subfield>
   <subfield code="h">334</subfield>
   <subfield code="i">Q3a4</subfield>
   <subfield code="p">15268.88</subfield>
   <subfield code="t">Ej.4</subfield>
  </datafield>
  <datafield tag="859" ind1=" " ind2=" ">
   <subfield code="a">CEMS</subfield>
   <subfield code="b">BIB. CEMS - 11 de abril</subfield>
   <subfield code="h">334</subfield>
   <subfield code="i">Q3a4</subfield>
   <subfield code="p">16751.92</subfield>
   <subfield code="t">Ej.5</subfield>
  </datafield>
 </record>
</collection>
